Animal models in chronic renal failure /

Animal information

Bibliographic Details
Corporate Author: International Workshop on Animal Models for the Assessment of the Effects of Conservative Treatment in Chronic Renal Failure Heidelberg, Germany
Other Authors: Gretz, N. (Norbert), 1954-, Strauch, M.
Format: Conference Proceeding Book
Language:English
Published: Basel ; New York : Karger, 1988.
Series:Contributions to nephrology ; v. 60.
Subjects:

MARC

Tag First Indicator Second Indicator Subfields
LEADER 00000pam a2200000 a 4500
001 in00004457573
005 20191202121130.0
008 871016s1988 sz a b 10110 eng c
010 |a  87031195  
020 |a 380554619X :  |c $132.00 (U.S. : est.) 
035 |a (OCoLC)16924927 
035 |9 AAA7556MS 
035 |z (UtOrBLW)3121 
035 |a 4721 
040 |a DNLM/DLC  |c DLC  |d TMV  |d UtOrBLW 
049 |a TMVM  |c 1 
050 0 0 |a RC918.R4  |b I65 1987 
059 |l MS/BOOK STKS  |v 3  |t BOOK  |k CIRCULATING  |i 3238900822464  |n NL  |a WJ 342  |b I619 1987a 
059 |l SW/BK STKS  |v 1  |t BOOK  |k CIRCULATING  |i 3546800109755  |j S.O.  |n NL  |a WJ 300  |b C767 v.60 1988 
060 0 |a W1 CO778UN v. 60  |a WJ 342 I619a 1987 
060 4 |a WJ 342  |b I619 1987a 
111 2 |a International Workshop on Animal Models for the Assessment of the Effects of Conservative Treatment in Chronic Renal Failure  |d (1987 :  |c Heidelberg, Germany) 
245 1 0 |a Animal models in chronic renal failure /  |c International Workshop on Animal Models for the Assessment of the Effects of Conservative Treatment in Chronic Renal Failure, Heidelberg, January 29-30, 1987 ; volume editors, N. Gretz, M. Strauch. 
264 1 |a Basel ;  |a New York :  |b Karger,  |c 1988. 
300 |a viii, 266 pages :  |b illustrations ;  |c 25 cm. 
336 |a text  |2 rdacontent  |b txt 
337 |a unmediated  |2 rdamedia 
338 |a volume  |2 rdacarrier  |b nc 
490 1 |a Contributions to nephrology ;  |v vol. 60 
504 |a Includes bibliographies and index. 
520 8 |a Animal information 
650 2 |a Disease Models, Animal  |v Congresses. 
650 2 |a Kidney Failure, Chronic  |x therapy  |v Congresses. 
700 1 |a Gretz, N.  |q (Norbert),  |d 1954- 
700 1 |a Strauch, M. 
830 0 |a Contributions to nephrology ;  |v v. 60. 
940 |a copy plain 
948 |a Keep per EC, 2003 evaluation; retention reasons in 505, 520, 599, or 650 fields; 11/17/2003, sg. 
999 |a MARS 
999 f f |s 1b574297-4208-3420-b10c-aca436942de8  |i f7e7a6d0-29a4-31cb-b079-eed206182c11  |t 0 
952 f f |p ric  |a Texas A&M University  |b Rellis Campus  |c Joint Library Facility  |d Remote Storage  |t 0  |e WJ 342 I619 1987a  |h National Library of Medicine classification  |i unmediated -- volume  |m 3238900822464 
998 f f |a WJ 342 I619 1987a  |t 0  |l Remote Storage